000
00236nam a2200097Ia 4500
008
220120s9999||||xx |||||||||||||| ||und||
082
_a
621.382 YOG
100
_a
Yoganarashimhan
_9
11392
245
0
_a
Electronic circuits - II
300
_b
0
999
_c
136304
_d
136304